<?xml version="1.0" encoding="UTF-8"?>
<marc:record xmlns:marc="http://www.loc.gov/MARC21/slim">
   <marc:leader>00000nam a2200000 a 4500</marc:leader>
   <marc:datafield ind1="1" ind2=" " tag="100">
      <marc:subfield code="a">Carnegie, Dale</marc:subfield>
      <marc:subfield code="4">aut</marc:subfield>
      <marc:subfield code="e">Verfasser/-in</marc:subfield>
   </marc:datafield>
   <marc:datafield ind1="1" ind2=" " tag="100">
      <marc:subfield code="a">Skiba, Carolin</marc:subfield>
      <marc:subfield code="4">trl</marc:subfield>
      <marc:subfield code="e">Übersetzer/-in</marc:subfield>
   </marc:datafield>
   <marc:datafield ind1="1" ind2=" " tag="100">
      <marc:subfield code="a">Carnegie, Dale</marc:subfield>
   </marc:datafield>
   <marc:datafield ind1=" " ind2=" " tag="653">
      <marc:subfield code="a">Führung</marc:subfield>
   </marc:datafield>
   <marc:datafield ind1="0" ind2="0" tag="245">
      <marc:subfield code="a">Führen mit Persönlichkeit</marc:subfield>
   </marc:datafield>
   <marc:datafield ind1="0" ind2="0" tag="245">
      <marc:subfield code="b">wie Sie sich selbst und andere zu Höchstleistungen motivieren</marc:subfield>
   </marc:datafield>
   <marc:datafield ind1="0" ind2="0" tag="245">
      <marc:subfield code="c">Dale Carnegie Training. Aus dem Amerikan. von Carolin Skiba</marc:subfield>
   </marc:datafield>
   <marc:datafield ind1=" " ind2="1" tag="264">
      <marc:subfield code="a">Frankfurt, M.</marc:subfield>
      <marc:subfield code="b">Scherz</marc:subfield>
      <marc:subfield code="c">2011</marc:subfield>
   </marc:datafield>
   <marc:datafield ind1="1" ind2=" " tag="520">
      <marc:subfield code="a">Angaben aus der Verlagsmeldung

Führen mit Persönlichkeit : Wie Sie sich selbst und andere zu Höchstleistungen motivieren Leadership Mastery / von Dale Carnegie

Erfolgreiche Strategien für zeitgemäßes Führen

In der heutigen Unternehmenskultur ist eine neue Art von Führungspersönlichkeit gefragt. Eine, die andere inspiriert und motiviert, ihr Bestes zu geben. Dieser Ratgeber zeigt die notwendigen Führungskompetenzen für das 21. Jahrhundert und erklärt, wie man nicht nur erfolgreich führen lernt, sondern tatsächlich eine Führungspersönlichkeit wird. Er hilft Ihnen, Ihre Stärken zu identifizieren und Führungsstrategien erfolgreich einzusetzen. Sie erfahren u.a.

• welche Art von Führungskraft Sie sind und was das für Ihre Arbeit bedeutet

• was die wichtigsten Eigenschaften einer erfolgreichen Führungskraft sind und wie Sie sie erwerben können

• wie Sie starke Entscheidungen treffen und sie durchsetzen

• wie Sie andere motivieren und inspirieren können, ihr Bestes zu geben

• wie Sie Vertrauen schaffen und Verantwortung delegieren können

• wie Sie in Krisensituationen effizient reagieren
</marc:subfield>
   </marc:datafield>
   <marc:datafield ind1=" " ind2=" " tag="020">
      <marc:subfield code="a">9783502140092</marc:subfield>
      <marc:subfield code="9">9783502140092</marc:subfield>
   </marc:datafield>
   <marc:datafield ind1=" " ind2=" " tag="020">
      <marc:subfield code="a">350214009X</marc:subfield>
      <marc:subfield code="9">350214009X</marc:subfield>
   </marc:datafield>
   <marc:datafield ind1=" " ind2=" " tag="041">
      <marc:subfield code="a">ger</marc:subfield>
   </marc:datafield>
   <marc:datafield ind1=" " ind2=" " tag="300">
      <marc:subfield code="a">282 S.</marc:subfield>
   </marc:datafield>
</marc:record>
